[Event "NOR-ch Rapid"]
[Site "Bergen"]
[Date "2024.01.13"]
[Round "1"]
[White "Haug, Havard"]
[Black "Melkevik, Johannes"]
[Result "1-0"]
[WhiteElo "2308"]
[BlackElo "1856"]
[PlyCount "75"]
[EventDate "2024.01.13"]
[EventType "swiss (rapid)"]
[EventRounds "10"]
[EventCountry "NOR"]
[SourceTitle "CB03_2024"]
[SourceDate "2024.01.17"]
[SourceVersion "1"]
[SourceVersionDate "2024.01.17"]
[SourceQuality "1"]

1. e4 c5 2. c3 Nf6 3. e5 Nd5 4. Nf3 e6 5. d4 cxd4 6. cxd4 d6 7. Bc4 Be7 8. 0-0 0-0 9. Qe2 dxe5 10. dxe5 Qc7 11. Bxd5 exd5 12. Nc3 Be6 13. Rd1 Rd8 14. Bf4 a6 15. Nd4 Nc6 16. Nxe6 fxe6 17. Qg4 Qd7 18. Rd3 Bf8 19. Ne4 Kh8 20. Ng5 Re8 21. Rh3 h6 22. Rd1 Rac8 23. g3 Nd8 24. Ne4 Qf7 25. Nf6 Re7 26. Nxd5 exd5 27. Qxc8 Rd7 28. Be3 Ne6 29. Rh4 Kh7 30. Qc2+ Kh8 31. Rhd4 Nxd4 32. Rxd4 Rc7 33. Qd3 Bc5 34. Rf4 Qe8 35. Rf3 d4 36. Bf4 Rf7 37. Qg6 Qe7 38. Bg5 1-0

[Event "Altea Cap Negret op 50+ 1st"]
[Site "Altea"]
[Date "2023.11.17"]
[Round "7"]
[White "Thanke, Bror"]
[Black "Melkevik, Johannes"]
[Result "1/2-1/2"]
[WhiteElo "2059"]
[BlackElo "1837"]
[PlyCount "81"]
[EventDate "2023.11.12"]
[EventType "swiss"]
[EventRounds "8"]
[EventCountry "ESP"]
[SourceTitle "CB49_2023"]
[SourceDate "2023.12.06"]
[SourceVersion "1"]
[SourceVersionDate "2023.12.06"]
[SourceQuality "1"]

1. e4 c5 2. Nf3 e6 3. d4 cxd4 4. Nxd4 Nc6 5. Nb5 Nf6 6. N1c3 d6 7. Bf4 e5 8. Bg5 a6 9. Na3 b5 10. Nd5 Be7 11. Nxe7 Qxe7 12. c4 b4 13. Nc2 0-0 14. Bd3 Be6 15. 0-0 h6 16. Bh4 g5 17. Bg3 b3 18. axb3 Rfb8 19. Ra3 Rb6 20. f3 Nd7 21. Bf2 Nc5 22. Qd2 Rab8 23. Bxc5 dxc5 24. Ne3 Rxb3 25. Rxb3 Rxb3 26. Nd5 Qb7 27. Rf2 Nd4 28. h4 Bxd5 29. exd5 f6 30. Qe3 Qg7 31. Rd2 gxh4 32. d6 Rb6 33. Qe4 Rxd6 34. Rf2 Ne6 35. Qf5 Nf4 36. Bc2 Rd8 37. Kf1 Rd6 38. Qc8+ Qf8 39. Qg4+ Qg7 40. Qc8+ Qf8 41. Qg4+ 1/2-1/2

[Event "Kragero op"]
[Site "Kragero"]
[Date "2023.02.22"]
[Round "2"]
[White "Austad, Eirik Strom"]
[Black "Melkevik, Johannes"]
[Result "1-0"]
[WhiteElo "2076"]
[BlackElo "1917"]
[PlyCount "57"]
[EventDate "2023.02.22"]
[EventType "swiss"]
[EventRounds "9"]
[EventCountry "NOR"]
[SourceTitle "CBM 212 Extra"]
[Source "ChessBase"]
[SourceDate "2023.03.31"]
[SourceVersion "1"]
[SourceVersionDate "2023.03.31"]
[SourceQuality "1"]

1. e4 c5 2. Nf3 e6 3. g3 d5 4. exd5 exd5 5. d4 Nf6 6. Bg2 Be7 7. 0-0 0-0 8. h3 Nc6 9. Be3 b6 10. c4 Be6 11. dxc5 bxc5 12. cxd5 Nxd5 13. Bc1 Bf6 14. Nbd2 Rb8 15. Ne4 Bxb2 16. Bxb2 Rxb2 17. Qc1 Rb8 18. Nxc5 Rc8 19. Nxe6 fxe6 20. Qd2 Qf6 21. Rac1 Ndb4 22. Qe2 Nd5 23. Rfe1 Rfe8 24. Qa6 Nb6 25. a4 e5 26. a5 Nd7 27. Qb7 Qe6 28. Ng5 Qd5 29. Bxd5+ 1-0

[Event "Kragero op"]
[Site "Kragero"]
[Date "2023.02.22"]
[Round "1"]
[White "Melkevik, Johannes"]
[Black "Kvaloy, Aksel Bu"]
[Result "0-1"]
[WhiteElo "1917"]
[BlackElo "2255"]
[PlyCount "64"]
[EventDate "2023.02.22"]
[EventType "swiss"]
[EventRounds "9"]
[EventCountry "NOR"]
[SourceTitle "CBM 212 Extra"]
[Source "ChessBase"]
[SourceDate "2023.03.31"]
[SourceVersion "1"]
[SourceVersionDate "2023.03.31"]
[SourceQuality "1"]

1. d4 Nf6 2. Nf3 c5 3. c4 cxd4 4. Nxd4 e5 5. Nb5 d5 6. cxd5 Bc5 7. e3 0-0 8. N5c3 e4 9. Be2 Re8 10. Nd2 Bf5 11. Nb3 Bd6 12. Nd4 Bg6 13. 0-0 a6 14. f4 exf3 15. Bxf3 Nbd7 16. e4 Qc7 17. h3 Qb6 18. Be3 Qxb2 19. Rc1 Rac8 20. Rc2 Qa3 21. Nb3 Bb8 22. Kh1 Qd6 23. Bg1 b5 24. Nd2 Qe5 25. Ne2 Rxc2 26. Qxc2 Nxd5 27. Qc6 N5f6 28. Nc3 Qf4 29. Bg4 Qxd2 30. Rd1 Qf4 31. Bxd7 Bxe4 32. Nxe4 Nxe4 0-1

[Event "NOR-chT Clubs"]
[Site "Drammen"]
[Date "2022.05.26"]
[Round "2"]
[White "Thybo, Jesper Sondergaard"]
[Black "Melkevik, Johannes"]
[Result "0-1"]
[WhiteElo "2544"]
[BlackElo "1916"]
[PlyCount "70"]
[EventDate "2022.05.26"]
[EventType "team-swiss"]
[EventRounds "6"]
[EventCountry "NOR"]
[SourceTitle "EXT 2024"]
[Source "ChessBase"]
[SourceDate "2023.10.10"]
[SourceVersion "1"]
[SourceVersionDate "2023.10.10"]
[SourceQuality "1"]
[WhiteTeam "Offerspill Elite"]
[BlackTeam "Haugaland"]
[WhiteTeamCountry "NOR"]
[BlackTeamCountry "NOR"]

1. Nf3 Nf6 2. c4 e6 3. g3 d5 4. d4 Be7 5. Bg2 0-0 6. 0-0 dxc4 7. Ne5 Nc6 8. Nxc6 bxc6 9. Na3 Bxa3 10. bxa3 Ba6 11. Bxc6 Rb8 12. Re1 Qd6 13. Qa4 Rb6 14. Bf3 Rd8 15. e4 c5 16. Bf4 Qe7 17. d5 e5 18. Bd2 Rdb8 19. Ba5 Bb5 20. Qc2 R6b7 21. Be2 Qd7 22. Bc3 Ba4 23. Qc1 Nxe4 24. Bxe5 Re8 25. Bf4 Qxd5 26. Bxc4 Qc6 27. Bf1 Rbe7 28. Bg2 c4 29. Re3 Qc5 30. h4 h6 31. h5 Bc6 32. Rb1 Nxf2 33. Bxc6 Nd3 34. Bd6 Qd4 35. Bxe8 Nxc1 0-1

[Event "Titled Tuesday intern op 07th Sept"]
[Site "Chess.com INT"]
[Date "2021.09.07"]
[Round "5"]
[White "Melkevik, Johannes"]
[Black "Caetano, Hugo Zanotti Mendon"]
[Result "1-0"]
[WhiteElo "1906"]
[BlackElo "2161"]
[PlyCount "45"]
[EventDate "2021.09.07"]
[EventType "swiss (blitz)"]
[EventRounds "11"]
[EventCountry "USA"]
[SourceTitle "EXT 2022"]
[Source "ChessBase"]
[SourceDate "2021.10.06"]
[SourceVersion "1"]
[SourceVersionDate "2021.10.06"]
[SourceQuality "1"]

1. d4 d5 2. Nf3 c5 3. c4 e6 4. g3 Nf6 5. Bg2 Be7 6. 0-0 0-0 7. dxc5 Bxc5 8. cxd5 exd5 9. Bg5 Be6 10. Nc3 Nc6 11. Rc1 h6 12. Bxf6 Qxf6 13. Nxd5 Bxd5 14. Qxd5 Bb6 15. Qb3 Rac8 16. e3 Rfd8 17. Rfd1 Na5 18. Qb5 Rxd1+ 19. Rxd1 Rc2 20. Qe8+ Kh7 21. Qe4+ Qg6 22. Nh4 f5 23. Qxc2 1-0

[Event "Titled Tuesday intern op 07th Sept"]
[Site "Chess.com INT"]
[Date "2021.09.07"]
[Round "7"]
[White "Melkevik, Johannes"]
[Black "Schrik, Rachid"]
[Result "1-0"]
[WhiteElo "1906"]
[BlackElo "2198"]
[PlyCount "97"]
[EventDate "2021.09.07"]
[EventType "swiss (blitz)"]
[EventRounds "11"]
[EventCountry "USA"]
[SourceTitle "EXT 2022"]
[Source "ChessBase"]
[SourceDate "2021.10.06"]
[SourceVersion "1"]
[SourceVersionDate "2021.10.06"]
[SourceQuality "1"]

1. d4 Nf6 2. Nc3 d5 3. Bf4 a6 4. e3 Nbd7 5. Nf3 c5 6. Ne5 cxd4 7. exd4 e6 8. Bd3 Be7 9. Qf3 0-0 10. g4 Nxe5 11. dxe5 Nd7 12. h4 Nc5 13. g5 Nxd3+ 14. Qxd3 b5 15. 0-0-0 Bb7 16. Rhg1 Rc8 17. h5 Rc4 18. Qg3 Qa5 19. Nb1 Rfc8 20. c3 Qxa2 21. g6 fxg6 22. hxg6 h6 23. Bxh6 gxh6 24. Qh3 Rxc3+ 25. Nxc3 Rxc3+ 26. Qxc3 Bg5+ 27. Rxg5 hxg5 28. Qc7 Qa1+ 29. Kc2 Qa4+ 30. Kd2 Qd4+ 31. Ke1 Qe4+ 32. Kf1 Qh1+ 33. Ke2 Qe4+ 34. Kd2 Qd4+ 35. Kc1 Qc4+ 36. Qxc4 bxc4 37. Rg1 Kg7 38. Rxg5 Bc6 39. Rg1 Be8 40. Kc2 Bxg6+ 41. Kc3 Kf7 42. Ra1 Bd3 43. Rxa6 Bf1 44. Kd4 Kg6 45. Rxe6+ Kf5 46. Rd6 Bg2 47. Rxd5 Bxd5 48. Kxd5 c3 49. bxc3 1-0

[Event "Titled Tuesday intern op 31st Aug"]
[Site "Chess.com INT"]
[Date "2021.08.31"]
[Round "9"]
[White "Jaskolka, Tomasz"]
[Black "Melkevik, Johannes"]
[Result "1-0"]
[WhiteElo "2220"]
[BlackElo "1888"]
[PlyCount "71"]
[EventDate "2021.08.31"]
[EventType "swiss (blitz)"]
[EventRounds "11"]
[EventCountry "USA"]
[SourceTitle "EXT 2022"]
[Source "ChessBase"]
[SourceDate "2021.10.06"]
[SourceVersion "1"]
[SourceVersionDate "2021.10.06"]
[SourceQuality "1"]

1. d4 Nf6 2. Bf4 d5 3. e3 c5 4. c3 e6 5. Nd2 Bd6 6. Bg3 b6 7. Ngf3 Bb7 8. Bd3 Ne4 9. Ne5 Qc7 10. f4 f6 11. Bb5+ Nc6 12. Nxe4 dxe4 13. Qg4 fxe5 14. fxe5 Be7 15. Qxe6 Qd7 16. Qxd7+ Kxd7 17. d5 Rae8 18. dxc6+ Bxc6 19. e6+ Kxe6 20. Bxc6 Rd8 21. Bxe4 h5 22. 0-0 h4 23. Bf5+ Kf6 24. Bc7 Rdf8 25. Rad1 c4 26. Rd7 Bc5 27. Rf3 Re8 28. Kf2 g6 29. Bc2+ Kg5 30. Bf4+ Kh5 31. Rd5+ g5 32. Rxg5+ Kh6 33. Rg6+ Kh5 34. g4+ hxg3+ 35. Rfxg3 Rd8 36. Rh3# 1-0

[Event "Titled Tuesday intern op 31st Aug"]
[Site "Chess.com INT"]
[Date "2021.08.31"]
[Round "7"]
[White "Melkevik, Johannes"]
[Black "Bures, Vit"]
[Result "1-0"]
[WhiteElo "1888"]
[BlackElo "2144"]
[PlyCount "83"]
[EventDate "2021.08.31"]
[EventType "swiss (blitz)"]
[EventRounds "11"]
[EventCountry "USA"]
[SourceTitle "EXT 2022"]
[Source "ChessBase"]
[SourceDate "2021.10.06"]
[SourceVersion "1"]
[SourceVersionDate "2021.10.06"]
[SourceQuality "1"]

1. d4 d5 2. Nc3 Nf6 3. Bf4 Bf5 4. e3 e6 5. f3 h6 6. g4 Bh7 7. h4 a6 8. Bd3 Bxd3 9. Qxd3 c5 10. dxc5 Nc6 11. Nge2 Bxc5 12. 0-0-0 Qa5 13. g5 Nd7 14. g6 f6 15. e4 Nce5 16. Qd2 Nc4 17. Qe1 Qb4 18. Rd3 Qxb2+ 19. Kd1 0-0 20. Bc1 Qa1 21. exd5 Nb2+ 22. Kd2 Nxd3 23. Kxd3 Ne5+ 24. Kd2 Rfd8 25. Qg3 Bb4 26. Ke3 Bxc3 27. Kf2 Bd4+ 28. Kg2 exd5 29. Bxh6 Qxh1+ 30. Kxh1 gxh6 31. g7 Rd7 32. Qg6 Rxg7 33. Qf5 Rf8 34. Qe6+ Kh8 35. Qd6 Rfg8 36. Qxf6 Kh7 37. Qf5+ Rg6 38. Nxd4 R8g7 39. Ne6 Nd7 40. Nxg7 Kxg7 41. Qxd7+ Kf6 42. Qxd5 1-0

[Event "Titled Tuesday intern op 31st Aug"]
[Site "Chess.com INT"]
[Date "2021.08.31"]
[Round "5"]
[White "Melkevik, Johannes"]
[Black "Matveeva, Olga"]
[Result "1-0"]
[WhiteElo "1888"]
[BlackElo "2145"]
[PlyCount "45"]
[EventDate "2021.08.31"]
[EventType "swiss (blitz)"]
[EventRounds "11"]
[EventCountry "USA"]
[SourceTitle "EXT 2022"]
[Source "ChessBase"]
[SourceDate "2021.10.06"]
[SourceVersion "1"]
[SourceVersionDate "2021.10.06"]
[SourceQuality "1"]

1. c4 e6 2. Nf3 d5 3. e3 c5 4. d4 Nc6 5. Nc3 Nf6 6. g3 dxc4 7. Qa4 cxd4 8. exd4 Be7 9. Bg2 0-0 10. 0-0 Nxd4 11. Rd1 Nxf3+ 12. Bxf3 Qc7 13. Nb5 Qc5 14. Be3 Qb4 15. Qxb4 Bxb4 16. Nc7 Rb8 17. Bxa7 Bd7 18. Bxb8 Rxb8 19. g4 h6 20. h4 g5 21. hxg5 hxg5 22. Rac1 b5 23. Na6 1-0

[Event "Titled Tuesday intern op 31st Aug"]
[Site "Chess.com INT"]
[Date "2021.08.31"]
[Round "6"]
[White "Pandey, Srishti"]
[Black "Melkevik, Johannes"]
[Result "1-0"]
[WhiteElo "2026"]
[BlackElo "1888"]
[PlyCount "47"]
[EventDate "2021.08.31"]
[EventType "swiss (blitz)"]
[EventRounds "11"]
[EventCountry "USA"]
[SourceTitle "EXT 2022"]
[Source "ChessBase"]
[SourceDate "2021.10.06"]
[SourceVersion "1"]
[SourceVersionDate "2021.10.06"]
[SourceQuality "1"]

1. d4 b6 2. e4 Bb7 3. Bd3 e6 4. Ne2 Nf6 5. Nbc3 c5 6. 0-0 cxd4 7. Nxd4 Bb4 8. e5 Bxc3 9. bxc3 Ne4 10. Qg4 f5 11. Qxg7 Rf8 12. Bxe4 Bxe4 13. Bh6 Qe7 14. Qxe7+ Kxe7 15. Bxf8+ Kxf8 16. f3 Bd5 17. Nb5 Na6 18. Nd6 Ke7 19. a4 Rg8 20. a5 f4 21. axb6 Nc5 22. Rxa7 Rg5 23. b7 Bxf3 24. Rxf3 1-0

[Event "Titled Tuesday intern op 17th Aug"]
[Site "Chess.com INT"]
[Date "2021.08.17"]
[Round "9"]
[White "Lohani, Sujana"]
[Black "Melkevik, Johannes"]
[Result "0-1"]
[WhiteElo "1675"]
[BlackElo "1888"]
[PlyCount "56"]
[EventDate "2021.08.17"]
[EventType "swiss (blitz)"]
[EventRounds "11"]
[EventCountry "USA"]
[SourceTitle "EXT 2022"]
[Source "ChessBase"]
[SourceDate "2021.10.06"]
[SourceVersion "1"]
[SourceVersionDate "2021.10.06"]
[SourceQuality "1"]

1. d4 b6 2. c4 Bb7 3. Nc3 e6 4. e4 Bb4 5. f3 f5 6. Bd3 fxe4 7. fxe4 Bxc3+ 8. bxc3 Bxe4 9. Bxe4 Qh4+ 10. Kf1 Qxe4 11. Nf3 Nf6 12. Ba3 Ng4 13. Qd2 Ne3+ 14. Kg1 Nxc4 15. Qc1 d6 16. h4 Nxa3 17. Qxa3 0-0 18. Rh3 Nc6 19. Re1 Qg4 20. Qc1 Rae8 21. Qc2 e5 22. dxe5 Nxe5 23. Ng5 Ng6 24. h5 Rxe1+ 25. Kh2 Qf4+ 26. Rg3 Rh1+ 27. Kxh1 Qxg3 28. Nxh7 Rf1# 0-1

[Event "Titled Tuesday intern op 17th Aug"]
[Site "Chess.com INT"]
[Date "2021.08.17"]
[Round "6"]
[White "Melkevik, Johannes"]
[Black "Hernandez Jimenez, Alexander Andres"]
[Result "0-1"]
[WhiteElo "1888"]
[BlackElo "2169"]
[PlyCount "56"]
[EventDate "2021.08.17"]
[EventType "swiss (blitz)"]
[EventRounds "11"]
[EventCountry "USA"]
[SourceTitle "EXT 2022"]
[Source "ChessBase"]
[SourceDate "2021.10.06"]
[SourceVersion "1"]
[SourceVersionDate "2021.10.06"]
[SourceQuality "1"]

1. d4 Nf6 2. Nc3 g6 3. e4 d6 4. Bf4 Bg7 5. Qd2 0-0 6. 0-0-0 c6 7. Bh6 b5 8. f3 b4 9. Nce2 a5 10. h4 a4 11. h5 b3 12. cxb3 axb3 13. a3 Qa5 14. hxg6 Qxd2+ 15. Rxd2 hxg6 16. Bxg7 Kxg7 17. g4 Ba6 18. Ng3 Bxf1 19. Nxf1 Nbd7 20. Rdh2 c5 21. d5 Ne5 22. Ng3 Nd3+ 23. Kd2 Nxb2 24. g5 Nh5 25. Nxh5+ gxh5 26. Kc3 Na4+ 27. Kxb3 Rfb8+ 28. Ka2 Nc3+ 0-1

[Event "Titled Tuesday intern op 17th Aug"]
[Site "Chess.com INT"]
[Date "2021.08.17"]
[Round "10"]
[White "Semenova, Elena"]
[Black "Melkevik, Johannes"]
[Result "0-1"]
[WhiteElo "2212"]
[BlackElo "1888"]
[PlyCount "78"]
[EventDate "2021.08.17"]
[EventType "swiss (blitz)"]
[EventRounds "11"]
[EventCountry "USA"]
[SourceTitle "EXT 2022"]
[Source "ChessBase"]
[SourceDate "2021.10.06"]
[SourceVersion "1"]
[SourceVersionDate "2021.10.06"]
[SourceQuality "1"]

1. e4 c5 2. c3 Nf6 3. e5 Nd5 4. c4 Nb4 5. a3 N4c6 6. d4 Nxd4 7. b4 e6 8. Nf3 Nbc6 9. b5 Nxf3+ 10. Qxf3 Nd4 11. Qd3 d6 12. Bf4 dxe5 13. Bxe5 f6 14. Bxd4 Qxd4 15. Nc3 b6 16. Rd1 Qxd3 17. Bxd3 Bb7 18. 0-0 Be7 19. a4 Kf7 20. a5 Rad8 21. axb6 axb6 22. Na4 Rd6 23. Be2 Rhd8 24. Rxd6 Rxd6 25. Rd1 Rxd1+ 26. Bxd1 Bd8 27. Bc2 e5 28. f3 g6 29. Kf2 Ke6 30. Ke3 f5 31. g3 Kd7 32. Nb2 Bf6 33. Nd3 Kd6 34. Bd1 e4 35. Nf2 Bd4+ 36. Ke2 exf3+ 37. Ke1 Bxf2+ 38. Kxf2 Ke5 39. Ke3 Be4 0-1

[Event "Titled Tuesday intern op 03rd Aug"]
[Site "Chess.com INT"]
[Date "2021.08.03"]
[Round "6"]
[White "Gedgafov, Chamal"]
[Black "Melkevik, Johannes"]
[Result "1-0"]
[WhiteElo "2202"]
[BlackElo "1888"]
[PlyCount "81"]
[EventDate "2021.08.03"]
[EventType "swiss (blitz)"]
[EventRounds "11"]
[EventCountry "USA"]
[SourceTitle "CBM 203 Extra"]
[Source "ChessBase"]
[SourceDate "2021.09.30"]
[SourceVersion "1"]
[SourceVersionDate "2021.09.30"]
[SourceQuality "1"]

1. d4 b6 2. c4 Bb7 3. Nc3 e6 4. f3 f5 5. e3 Nf6 6. Bd3 c5 7. Nge2 Bd6 8. 0-0 0-0 9. d5 exd5 10. cxd5 Nxd5 11. Bc4 Bxh2+ 12. Kxh2 Qh4+ 13. Kg1 Qxc4 14. Nxd5 Qxd5 15. Nf4 Qf7 16. b3 Nc6 17. Bb2 Rad8 18. Qd6 Qe7 19. Qxe7 Nxe7 20. Rad1 g5 21. Nh5 d5 22. Nf6+ Kf7 23. Nxh7 Rg8 24. f4 gxf4 25. exf4 d4 26. Ng5+ Kg6 27. Rde1 Kf6 28. Re6+ Kg7 29. Rxe7+ Kf8 30. Rxb7 d3 31. Ne6+ Ke8 32. Nxd8 Kxd8 33. Rd1 Kc8 34. Rxa7 Rd8 35. Rf7 d2 36. Bc3 b5 37. Rxd2 Re8 38. Rdd7 Re3 39. Be5 c4 40. Rc7+ Kb8 41. Rf8# 1-0

[Event "Titled Tuesday intern op 03rd Aug"]
[Site "Chess.com INT"]
[Date "2021.08.03"]
[Round "9"]
[White "Melkevik, Johannes"]
[Black "Shapiro, Daniel E"]
[Result "0-1"]
[WhiteElo "1888"]
[BlackElo "2284"]
[PlyCount "50"]
[EventDate "2021.08.03"]
[EventType "swiss (blitz)"]
[EventRounds "11"]
[EventCountry "USA"]
[SourceTitle "CBM 203 Extra"]
[Source "ChessBase"]
[SourceDate "2021.09.30"]
[SourceVersion "1"]
[SourceVersionDate "2021.09.30"]
[SourceQuality "1"]

1. d4 Nf6 2. Nc3 d5 3. Bf4 c6 4. e3 g6 5. h4 h6 6. Qd2 Bg7 7. f3 h5 8. 0-0-0 Nbd7 9. Be2 b5 10. e4 b4 11. exd5 bxc3 12. Qxc3 Nxd5 13. Qxc6 Nxf4 14. Qxa8 0-0 15. Qxa7 Nxg2 16. Nh3 Bh6+ 17. Kb1 Qb6 18. Qxb6 Nxb6 19. Rd3 Nd5 20. Rg1 Ngf4 21. Nxf4 Nxf4 22. Re3 Nh3 23. Rxe7 Nxg1 24. Bc4 Nxf3 25. a4 Nd2+ 0-1

[Event "Titled Tuesday intern op 20th July"]
[Site "Chess.com INT"]
[Date "2021.07.20"]
[Round "8"]
[White "Desideri, Ricardo Maruchi"]
[Black "Melkevik, Johannes"]
[Result "1-0"]
[WhiteElo "1939"]
[BlackElo "1888"]
[PlyCount "33"]
[EventDate "2021.07.20"]
[EventType "swiss (blitz)"]
[EventRounds "11"]
[EventCountry "USA"]
[SourceTitle "CBM 203 Extra"]
[Source "ChessBase"]
[SourceDate "2021.09.30"]
[SourceVersion "1"]
[SourceVersionDate "2021.09.30"]
[SourceQuality "1"]

1. e4 c5 2. Nf3 e6 3. d4 cxd4 4. Nxd4 Nc6 5. Nc3 Qc7 6. Be3 a6 7. Qf3 Ne5 8. Qg3 h5 9. Bf4 d6 10. 0-0-0 h4 11. Qe3 Nf6 12. h3 b5 13. a3 Bb7 14. Be2 Rc8 15. Kb1 Nxe4 16. Nxe4 Qxc2+ 17. Nxc2 1-0

[Event "Titled Tuesday intern op 20th July"]
[Site "Chess.com INT"]
[Date "2021.07.20"]
[Round "10"]
[White "Hansen, Soren Bech"]
[Black "Melkevik, Johannes"]
[Result "1-0"]
[WhiteElo "2296"]
[BlackElo "1888"]
[PlyCount "67"]
[EventDate "2021.07.20"]
[EventType "swiss (blitz)"]
[EventRounds "11"]
[EventCountry "USA"]
[SourceTitle "CBM 203 Extra"]
[Source "ChessBase"]
[SourceDate "2021.09.30"]
[SourceVersion "1"]
[SourceVersionDate "2021.09.30"]
[SourceQuality "1"]

1. e4 c5 2. Nf3 e6 3. c3 Nf6 4. e5 Nd5 5. d4 cxd4 6. cxd4 d6 7. Bc4 Be7 8. 0-0 0-0 9. Bd2 dxe5 10. dxe5 Qc7 11. Bxd5 exd5 12. Nc3 Be6 13. Rc1 Qd7 14. Bg5 Nc6 15. Bxe7 Qxe7 16. Nxd5 Bxd5 17. Qxd5 Rfd8 18. Qe4 Rd7 19. Rfe1 Rad8 20. h3 Nd4 21. Nxd4 Rxd4 22. Qe3 Rd3 23. Qxa7 Rd2 24. Qb6 h6 25. e6 fxe6 26. Rxe6 Qg5 27. Rce1 Rf8 28. R6e2 Rfd8 29. Re8+ Rxe8 30. Rxe8+ Kh7 31. Qb3 Qh5 32. Qg8+ Kg6 33. Re6+ Kf5 34. g4+ 1-0

[Event "Titled Tuesday intern op 20th July"]
[Site "Chess.com INT"]
[Date "2021.07.20"]
[Round "5"]
[White "Melkevik, Johannes"]
[Black "Adelman, Charles D"]
[Result "0-1"]
[WhiteElo "1888"]
[BlackElo "2268"]
[PlyCount "62"]
[EventDate "2021.07.20"]
[EventType "swiss (blitz)"]
[EventRounds "11"]
[EventCountry "USA"]
[SourceTitle "CBM 203 Extra"]
[Source "ChessBase"]
[SourceDate "2021.09.30"]
[SourceVersion "1"]
[SourceVersionDate "2021.09.30"]
[SourceQuality "1"]

1. d4 Nf6 2. Nf3 c5 3. c4 e6 4. g3 b6 5. Bg2 Bb7 6. Nc3 cxd4 7. Nb5 d6 8. 0-0 Be7 9. Nbxd4 0-0 10. Qc2 a6 11. Rd1 Nbd7 12. b3 Rc8 13. Bb2 b5 14. Rac1 bxc4 15. bxc4 Nc5 16. Nb3 Na4 17. Ba1 Qb6 18. Bd4 Qc7 19. Ng5 g6 20. Bxb7 Qxb7 21. Na5 Qd7 22. c5 Qb5 23. cxd6 Rxc2 24. dxe7 Rxc1 25. exf8Q+ Kxf8 26. Rxc1 Qxg5 27. Rc8+ Kg7 28. Nc6 Qd5 29. Rg8+ Kxg8 30. Ne7+ Kf8 31. Nxd5 Nxd5 0-1

[Event "Titled Tuesday intern op 20th July"]
[Site "Chess.com INT"]
[Date "2021.07.20"]
[Round "1"]
[White "Melkevik, Johannes"]
[Black "Rozhkov, Viacheslav"]
[Result "0-1"]
[WhiteElo "1888"]
[BlackElo "2248"]
[PlyCount "76"]
[EventDate "2021.07.20"]
[EventType "swiss (blitz)"]
[EventRounds "11"]
[EventCountry "USA"]
[SourceTitle "CBM 203 Extra"]
[Source "ChessBase"]
[SourceDate "2021.09.30"]
[SourceVersion "1"]
[SourceVersionDate "2021.09.30"]
[SourceQuality "1"]

1. d4 d5 2. Nc3 Nf6 3. Bf4 e6 4. e3 Bd6 5. Qf3 0-0 6. g4 Bxf4 7. Qxf4 Qd6 8. Qf3 e5 9. dxe5 Qxe5 10. 0-0-0 Bxg4 11. Qg3 Qxg3 12. hxg3 Bxd1 13. Kxd1 Ne4 14. Nxe4 dxe4 15. Bc4 Nc6 16. Ke2 Ne5 17. Bd5 g6 18. Bxe4 f5 19. Bd5+ Kg7 20. Nh3 c6 21. Bb3 Rfe8 22. Ng5 Kf6 23. Nxh7+ Ke7 24. Ng5 Rh8 25. Rd1 Rad8 26. Re1 Rh2 27. Ne6 Rd6 28. Nd4 c5 29. Nf3 Nxf3 30. Kxf3 Rd2 31. Rf1 c4 32. Ba4 a6 33. e4 b5 34. Ke3 Rd6 35. exf5 gxf5 36. Bxb5 axb5 37. Kf4 Kf6 38. Rd1 Rxd1 0-1

[Event "Fagernes op"]
[Site "Fagernes"]
[Date "2020.10.11"]
[Round "9"]
[White "Melkevik, Johannes"]
[Black "Lund, Terje"]
[Result "1-0"]
[WhiteElo "1858"]
[BlackElo "2104"]
[PlyCount "41"]
[EventDate "2020.10.04"]
[EventType "swiss"]
[EventRounds "9"]
[EventCountry "NOR"]
[SourceTitle "EXT 2024"]
[Source "ChessBase"]
[SourceDate "2023.10.10"]
[SourceVersion "1"]
[SourceVersionDate "2023.10.10"]
[SourceQuality "1"]

1. d4 Nf6 2. Nf3 e6 3. g3 b5 4. a4 b4 5. c4 Bb7 6. Bg2 c5 7. 0-0 cxd4 8. b3 d6 9. Nxd4 Bxg2 10. Kxg2 Be7 11. Re1 d5 12. Nd2 Bc5 13. Bb2 Qb6 14. a5 Qb7 15. cxd5 exd5 16. Nf5 0-0 17. Bxf6 gxf6 18. Nf3 Nd7 19. Qd2 Rfd8 20. N3d4 Bxd4 21. Qh6 1-0

[Event "Fagernes op"]
[Site "Fagernes"]
[Date "2020.10.10"]
[Round "8"]
[White "Berg, Thomas1111"]
[Black "Melkevik, Johannes"]
[Result "0-1"]
[WhiteElo "1719"]
[BlackElo "1858"]
[PlyCount "80"]
[EventDate "2020.10.04"]
[EventType "swiss"]
[EventRounds "9"]
[EventCountry "NOR"]
[SourceTitle "EXT 2024"]
[Source "ChessBase"]
[SourceDate "2023.10.10"]
[SourceVersion "1"]
[SourceVersionDate "2023.10.10"]
[SourceQuality "1"]

1. e4 c5 2. Nf3 e6 3. d4 cxd4 4. Nxd4 Nc6 5. Nc3 Qc7 6. Be3 a6 7. Qf3 Ne5 8. Qg3 h5 9. h4 d6 10. 0-0-0 b5 11. a3 Nf6 12. Bxb5+ axb5 13. Ndxb5 Qb8 14. Nxd6+ Bxd6 15. Qxg7 Rg8 16. Qxf6 Nc4 17. Nb1 Ba6 18. Qc3 Nxe3 19. fxe3 Ke7 20. Rh3 Be2 21. Re1 Rc8 22. Qd2 Bg4 23. Rhh1 Be5 24. c3 Rd8 25. Qc2 Bg3 26. Ref1 Qb6 27. b3 Qxe3+ 28. Kb2 Rd3 29. b4 Rad8 30. Ka1 Qxe4 31. Qa4 R8d7 32. Qa5 Qc4 33. Qg5+ Kd6 34. Qa5 Rd5 35. Qb6+ Qc6 36. Qb8+ Qc7 37. Qf8+ Kc6 38. c4 Qe5+ 39. Ka2 Qe2+ 40. Kb3 Rd3+ 0-1